| 000 | 00570 a2200169 4500 | ||
|---|---|---|---|
| 003 | Nust | ||
| 005 | 20230222132414.0 | ||
| 040 | _cNust | ||
| 082 | _a954.9,SAY | ||
| 100 |
_aSayeed,Khalid Bin _9109489 |
||
| 245 |
_aPakistan The formative phase 1857-1948 / _cKhalid Bin Sayeed |
||
| 260 |
_aKarachi _bUniversty book press _c2007 |
||
| 300 | _a340 | ||
| 505 | _aPART-1: Origins of Pakistan (Page-3), PART-2: Continuation of the Vice regal System in Pakistan 1947-8 (Page-223). | ||
| 650 |
_aPakistan The formative phase 1857-1948 _963851 |
||
| 942 |
_2ddc _cBK _k954.9,SAY |
||
| 999 |
_c186534 _d186534 |
||